Marāḥil istiqlāl dawlatay Lubnān wa-Sūriyā. (Record no. 49884)

MARC details
000 -LEADER
fixed length control field 00613cam a22002411 4500
001 - CONTROL NUMBER
control field ne 67002005
003 - CONTROL NUMBER IDENTIFIER
control field DLC
005 - DATE AND TIME OF LATEST TRANSACTION
control field 20260227111835.0
008 - FIXED-LENGTH DATA ELEMENTS--GENERAL INFORMATION
fixed length control field 890401s1967 xx ch 000 0 ara
010 ## - LIBRARY OF CONGRESS CONTROL NUMBER
LC control number ne 67002005
035 ## - SYSTEM CONTROL NUMBER
System control number (OCoLC)23514922
040 ## - CATALOGING SOURCE
Original cataloging agency DLC
Transcribing agency MiU
Modifying agency DLC
042 ## - AUTHENTICATION CODE
Authentication code premarc
043 ## - GEOGRAPHIC AREA CODE
Geographic area code a-le---
-- a-sy---
050 00 - LIBRARY OF CONGRESS CALL NUMBER
Classification number DS98
Item number .A4
100 2# - MAIN ENTRY--PERSONAL NAME
Personal name ʻAlam alD̄īn, Wajīh,
Dates associated with a name 1897-
245 10 - TITLE STATEMENT
Title Marāḥil istiqlāl dawlatay Lubnān wa-Sūriyā.
260 ## - PUBLICATION, DISTRIBUTION, ETC.
Date of publication, distribution, etc. 1967.
300 ## - PHYSICAL DESCRIPTION
Extent 308 p.
Other physical details facsims., ports.
Dimensions 25 cm.
500 ## - GENERAL NOTE
General note Romanized.
651 #0 - SUBJECT ADDED ENTRY--GEOGRAPHIC NAME
Geographic name Lebanon.
651 #0 - SUBJECT ADDED ENTRY--GEOGRAPHIC NAME
Geographic name Syria.

No items available.

Powered by Koha